000 01059nam a2200277Ia 4500
003 OSt
005 20221005111709.0
006 a|||||r|||| 00| 0
007 ta
008 221004b |||||||| |||| 00| 0 hin d
020 _cIndian Rupees 150
024 _a41075
037 _bGift, 09/01/2019,
_cTextual
040 _aCRL
_cCRL
_bhin
041 _2hin
_ahin
082 _aO152,1N3525x, P5
100 _aबलजीत सिंह, ले.
245 0 _aफासले मिट जाएॅंगे
_b डॉ0 बलजीत सिंह की गजले
246 _aFāsale miṭ jāeॅange: ḍaॉ0 balajīt sianha kī gajale
260 _aबिजनौर
_bहिन्दी साहित्य निकेतन भारत
_c2005
300 _a159पृ0
_ccm.
650 _a हिन्दी साहित्य
650 _aहिन्दी कविता
942 _hO152,1N3525x, P5
_cTEXL
_2cc
999 _c1022620
_d1022620